Annual general meeting (Record no. 105635)
[ view plain ]
| 000 -LEADER | |
|---|---|
| fixed length control field | 00775cam a2200181 4500 |
| 001 - CONTROL NUMBER | |
| control field | ##L134287 |
| 008 - FIXED-LENGTH DATA ELEMENTS--GENERAL INFORMATION | |
| fixed length control field | 060724n1962 000 0 eng u |
| 035 ## - SYSTEM CONTROL NUMBER | |
| System control number | (Sirsi) u134287 |
| 041 0# - LANGUAGE CODE | |
| Language code of text/sound track or separate title | eng |
| 050 04 - LIBRARY OF CONGRESS CALL NUMBER | |
| Classification number | 333.0062 $2 18 |
| 110 2# - MAIN ENTRY--CORPORATE NAME | |
| Corporate name or jurisdiction name as entry element | Incorporated Association of Architects and Surveyors |
| 9 (RLIN) | 4913 |
| 245 00 - TITLE STATEMENT | |
| Title | Annual general meeting |
| Remainder of title | thirty-seventh annual report |
| 260 ## - PUBLICATION, DISTRIBUTION, ETC. | |
| Place of publication, distribution, etc. | [S.l.] |
| Name of publisher, distributor, etc. | [s.n.] |
| Date of publication, distribution, etc. | 1962 |
| 300 ## - PHYSICAL DESCRIPTION | |
| Extent | 8p. |
| Dimensions | 24cm. |
| 520 ## - SUMMARY, ETC. | |
| Summary, etc. | Pamphlet giving notice of the Association's 37th annual general meeting that took place at their headquarters in London on 19 January 1963 at 10.30am. Includes the agenda, the 37th annual report, the balance sheet and income and expenditure account for the year ended 31 August 1962. |
| 690 ## - LOCAL SUBJECT ADDED ENTRY--TOPICAL TERM (OCLC, RLIN) | |
| Topical term or geographic name as entry element | BUILT ENVIRONMENT |
| 942 ## - ADDED ENTRY ELEMENTS (KOHA) | |
| Suppress in OPAC | 0 |
No items available.